[Event "Las Palmas"]
[Site "Las Palmas"]
[Date "1994.??.??"]
[Round "1"]
[White "Karpov, Anatoly"]
[Black "Topalov, Veselin"]
[Result "1/2-1/2"]
[WhiteElo "2740"]
[BlackElo "2640"]

1.d4 Nf6 2.Nf3 e6 3.c4 c5 4.e3 d5 5.Nc3 dxc4 6.Bxc4 a6 7.a4 Be7 8.O-O O-O
9.Qe2 Nc6 10.Rd1 Qc7 11.h3 Rd8 12.d5 exd5 13.Nxd5 Nxd5 14.Rxd5 Na5 15.Ba2 Be6
16.Rxd8+ Rxd8 17.Bxe6 fxe6 18.Qc2 Qb6 19.Bd2 Qb3 20.Qb1 Nc4 21.Bc3 Bf6 22.Qe4 Rd1+
23.Rxd1 Qxd1+ 24.Kh2 Qd5 25.Qc2 Bxc3 26.Qxc3 Qd6+ 27.Kg1 Qd1+ 28.Kh2 Qd6+
29.Kg1 Qd1+  1/2-1/2

[Event "Las Palmas"]
[Site "Las Palmas"]
[Date "1994.??.??"]
[Round "1"]
[White "Morovic Fernandez, Ivan"]
[Black "Epishin, Vladimir"]
[Result "1-0"]
[WhiteElo "2605"]
[BlackElo "2675"]

1.Nf3 Nf6 2.c4 e6 3.d4 b6 4.a3 Bb7 5.Nc3 d5 6.Bg5 Be7 7.Qa4+ c6 8.Bxf6 Bxf6
9.cxd5 exd5 10.g3 O-O 11.Bg2 Re8 12.O-O Nd7 13.Rfd1 Nf8 14.Rac1 Qb8 15.e3 Ne6
16.b4 Rd8 17.Qb3 a6 18.a4 Qa7 19.Ne1 b5 20.Nd3 Bc8 21.a5 Qe7 22.Ne2 Rd6 23.Ne5 Nd8
24.Qb2 Bg5 25.Rc3 Qe8 26.Qc2 Bf6 27.Nf3 g6 28.Nd2 Bf5 29.Qb2 Ne6 30.Rdc1 h5
31.h4 Ra7 32.Nf3 Nd8 33.Nf4 Bg7 34.Bh3 Bxh3 35.Nxh3 Rf6 36.Nf4 Re7 37.Ne5 Rxe5
38.dxe5 Qxe5 39.Qc2 Bf8 40.Rb3 Bd6 41.Ne2 Qe7 42.Qd2 Be5 43.Nd4 Qd7 44.Kg2 Nb7
45.Nf3 Bd6 46.Ng5 Be5 47.e4 Rd6 48.Rd3 Bf6 49.exd5 cxd5 50.Rd1 d4 51.Nf3 Qg4
52.Kh2 Rc6 53.Nxd4 Rc4 54.Nc2 Be5 55.Ne3 Qxh4+ 56.Kg1 Qf6 57.Nxc4 bxc4 58.Re3 c3
59.Qd5 c2 60.Rc1  1-0

[Event "Las Palmas"]
[Site "Las Palmas"]
[Date "1994.??.??"]
[Round "1"]
[White "Lautier, Joel"]
[Black "Shirov, Alexei"]
[Result "1-0"]
[WhiteElo "2625"]
[BlackElo "2705"]

1.c4 e5 2.Nc3 Bb4 3.Nd5 Be7 4.d4 d6 5.e4 Nf6 6.Nxe7 Qxe7 7.f3 Nh5 8.Be3 O-O
9.Ne2 f5 10.exf5 exd4 11.Qxd4 Nc6 12.Qd2 Bxf5 13.O-O-O Rae8 14.Bg5 Qf7 15.g4 Ne5
16.Qc3 h6 17.gxf5 hxg5 18.Nd4 Nf4 19.h4 Qf6 20.c5 d5 21.hxg5 Qxg5 22.Kb1 Nc6
23.Bd3 Nxd4 24.Qxd4 Nxd3 25.Qxd5+ Rf7 26.Rxd3 Qxf5 27.Qxf5 Rxf5 28.Rd7 Rf7
29.Rh8+ Kxh8 30.Rxf7 Rc8 31.Kc2 Kh7 32.Kd3 Kg6 33.Rd7 Kf6 34.Kd4 g5 35.Kd5 Kf5
36.Rf7+ Kg6 37.Rd7 Kf5 38.Rf7+ Kg6 39.Ke6 a5 40.Rf6+ Kg7 41.Rf7+ Kg6 42.Re7 Rf8
43.Rxc7 Rf6+ 44.Kd5 Rf5+ 45.Kd6 Rf6+ 46.Kd5 Rf5+ 47.Kd6 Rf6+ 48.Kd7 Rf7+
49.Kd8 Rxf3 50.Rxb7 g4 51.Rd7 g3 52.Rd1 g2 53.Rg1 Rf2 54.c6 Kf7 55.b3 Ke6
56.Kc8 Rxa2 57.c7 Rb2 58.Re1+  1-0

[Event "Las Palmas"]
[Site "Las Palmas"]
[Date "1994.??.??"]
[Round "3"]
[White "Lautier, Joel"]
[Black "Epishin, Vladimir"]
[Result "1-0"]
[WhiteElo "2625"]
[BlackElo "2675"]

1.d4 Nf6 2.c4 e6 3.Nc3 Bb4 4.Qc2 O-O 5.a3 Bxc3+ 6.Qxc3 b6 7.Bg5 h6 8.Bh4 c5
9.dxc5 bxc5 10.e3 d6 11.Bd3 Nbd7 12.Ne2 Qb6 13.Rd1 Ba6 14.O-O Rfc8 15.Rd2 d5
16.Rfd1 Rab8 17.Qc2 Rb7 18.Nc1 d4 19.exd4 cxd4 20.b4 Bxc4 21.Bxf6 gxf6 22.Bxc4 Ne5
23.Rxd4 Rbc7 24.Qe4 Rxc4 25.Ne2 Rxd4 26.Rxd4 Qb5 27.h3 Ng6 28.Qe3 Kg7 29.Ng3 a6
30.Rd6 Rc4 31.Qf3 Nf4 32.Qg4+ Kh7 33.Rd8 Ng6 34.Qf3 Qe5 35.Kh2 Rc3 36.Qb7 Kg7
37.Rd7 Nh8 38.Qxa6 h5 39.h4 Rc2 40.Qa7 Qf4 41.Qd4 Ng6 42.Qxf4 Nxf4 43.Ne4 Re2
44.Nd6 Kg6 45.Rxf7 Nd5 46.Rf8 Rxf2 47.b5 Rf4 48.Kh3 Rd4 49.g3 f5 50.Rc8 f4
51.Nc4 Kf5 52.b6 Nxb6 53.Nxb6 Rd3 54.Rf8+  1-0

[Event "Las Palmas"]
[Site "Las Palmas"]
[Date "1994.??.??"]
[Round "4"]
[White "Shirov, Alexei"]
[Black "Illescas Cordoba, Miguel"]
[Result "1/2-1/2"]
[WhiteElo "2705"]
[BlackElo "2590"]

1.e4 c5 2.Nf3 Nc6 3.d4 cxd4 4.Nxd4 Nf6 5.Nc3 e6 6.Ndb5 d6 7.Bf4 e5 8.Bg5 a6
9.Na3 b5 10.Nd5 Be7 11.Bxf6 Bxf6 12.c3 Ne7 13.Nxf6+ gxf6 14.Nc2 Bb7 15.Bd3 d5
16.Qe2 dxe4 17.Bxe4 Bxe4 18.Qxe4 Qd5 19.Qxd5 Nxd5 20.a4 Ke7 21.axb5 axb5
22.Kd2 Rhd8 23.Rxa8 Rxa8 24.Ra1 Rxa1 25.Nxa1 f5  1/2-1/2

[Event "Las Palmas"]
[Site "Las Palmas"]
[Date "1994.??.??"]
[Round "4"]
[White "Lautier, Joel"]
[Black "Karpov, Anatoly"]
[Result "1-0"]
[WhiteElo "2625"]
[BlackElo "2740"]

1.d4 Nf6 2.c4 e6 3.Nc3 Bb4 4.Qc2 O-O 5.a3 Bxc3+ 6.Qxc3 b6 7.Bg5 Bb7 8.e3 c5
9.dxc5 bxc5 10.f3 a5 11.Nh3 h6 12.Bh4 a4 13.O-O-O Re8 14.Be2 e5 15.Nf2 Qb6
16.Nd3 g5 17.Bg3 d6 18.h4 g4 19.h5 Nbd7 20.Nf2 d5 21.Rh4 d4 22.Qd2 gxf3 23.gxf3 Rab8
24.Rg1 Kf8 25.exd4 cxd4 26.Qxh6+ Ke7 27.Nd3 Ba6 28.Qd2 Kd8 29.Rd1 Nc5 30.Nxc5 Qxc5
31.Qg5 Qb6  1-0

[Event "Las Palmas"]
[Site "Las Palmas"]
[Date "1994.??.??"]
[Round "4"]
[White "Epishin, Vladimir"]
[Black "Adams, Michael"]
[Result "0-1"]
[WhiteElo "2675"]
[BlackElo "2660"]

1.d4 d6 2.e4 Nf6 3.Nc3 g6 4.Nf3 Bg7 5.Be2 O-O 6.O-O Bg4 7.Be3 Nc6 8.d5 Bxf3
9.Bxf3 Ne5 10.Be2 c6 11.a4 Qa5 12.Ra3 Rfc8 13.Qd2 cxd5 14.exd5 Nfd7 15.Rb3 Qc7
16.Rc1 a6 17.Rb4 Nc5 18.Bh6 Bh8 19.Bf1 Qa5 20.Rh4 Ncd7 21.Re1 Qb6 22.Nd1 Nf6
23.h3 Qc5 24.c4 a5 25.Be3 Qb4 26.Qxb4 axb4 27.b3 Ned7 28.Bd2 Nc5 29.Re3 e6
30.Bxb4 g5 31.Bxc5 gxh4 32.Bxd6 exd5 33.cxd5 Rd8 34.Ba3 Nxd5 35.Rf3 Bf6 36.Bc4 Kg7
37.Nb2 Nb6 38.Bd3 Rac8 39.Nc4 Nxc4 40.Bxc4 Rd1+ 41.Kh2 Be5+ 42.g3 hxg3+ 43.fxg3 Rd2+
44.Kg1 f6 45.Bb4 Rb2 46.Bc3 Bxc3 47.Rxc3 Rd8 48.Bd3 Re8 49.Bf1 Re1 50.h4 b6
51.g4 h6 52.Rc7+ Kf8 53.Rc6 Ke7 54.Rc7+ Kd6 55.Rc3 Ke5 56.Rf3 Re4 57.Bh3 Rb1+
58.Kh2 Re2+ 59.Bg2 Rbb2 60.Rg3 Kf4 61.g5 fxg5 62.hxg5 hxg5 63.Rf3+ Ke5 64.Rg3 Kd4
65.b4 Rxb4 66.Rxg5 Rbb2  0-1

[Event "Las Palmas"]
[Site "Las Palmas"]
[Date "1994.??.??"]
[Round "5"]
[White "Karpov, Anatoly"]
[Black "Epishin, Vladimir"]
[Result "1-0"]
[WhiteElo "2740"]
[BlackElo "2675"]

1.d4 Nf6 2.c4 g6 3.Nf3 Bg7 4.g3 O-O 5.Bg2 d5 6.O-O c6 7.cxd5 cxd5 8.Nc3 Ne4
9.Qb3 Nc6 10.Rd1 e6 11.Bf4 Nxc3 12.Qxc3 Bd7 13.Bd6 Re8 14.Qd2 Rc8 15.h4 Ne7
16.Bb4 Nf5 17.Rdc1 Qb6 18.Bc5 Qa6 19.Bf1 Nd6 20.e3 Bb5 21.Bxb5 Nxb5 22.Qb4 b6
23.Be7 Qb7 24.Rxc8 Rxc8 25.a4 Nc7 26.Rc1 Ne8 27.Rxc8 Qxc8 28.Qb5 f6 29.a5 bxa5
30.Bc5 Bf8 31.Qxa5 a6 32.Qb6 e5 33.Qb3 Qc6 34.Bxf8 e4 35.Ba3 exf3 36.Qb4 h5
37.Qf8+ Kh7 38.Qf7+ Kh8 39.Qxg6 Ng7 40.Bf8 Ne6 41.Be7  1-0

[Event "Las Palmas"]
[Site "Las Palmas"]
[Date "1994.??.??"]
[Round "6"]
[White "Epishin, Vladimir"]
[Black "Topalov, Veselin"]
[Result "1/2-1/2"]
[WhiteElo "2675"]
[BlackElo "2640"]

1.d4 Nf6 2.c4 e6 3.Nf3 c5 4.d5 exd5 5.cxd5 d6 6.Nc3 g6 7.e4 Bg7 8.h3 O-O
9.Bd3 b5 10.Nxb5 Re8 11.O-O Nxe4 12.Re1 a6 13.Na3 Nf6 14.Rxe8+ Nxe8 15.Bg5 Bf6
16.Qd2 Bb7 17.Re1 Nd7 18.Be4 Nb6 19.b3 Bxg5 20.Nxg5 Nf6 21.Nc4 Nxc4 22.bxc4 Bc8
23.Bc2 Ra7 24.Qe3 Rb7 25.Ba4 Bd7 26.Bc6 Bxc6 27.dxc6 Rc7 28.Qf3 h6 29.Ne4 Nxe4
30.Qxe4 Qa8 31.Qf4 Qf8 32.Qf3 Qa8 33.Qf6 Rxc6 34.Re7 Qf8 35.Rd7 Qg7 36.Qd8+ Qf8
37.Qf6 Qg7 38.Qf3 Rb6 39.Qa8+ Kh7 40.Qe8 Qa1+ 41.Kh2 Qe5+ 42.Qxe5 dxe5 43.Rxf7+ Kg8
44.Re7 Rb2 45.Kg3 Rxa2 46.Rxe5 Kf7 47.Rxc5 a5 48.h4 h5 49.Kf3 a4 50.Ra5 a3
51.Ke3 Rc2 52.Rxa3 Rxc4 53.g3 Kf6 54.f3 Rb4 55.Rd3 Ra4 56.Rd4 Ra5 57.Rc4 Ke5
58.Re4+ Kf5 59.Kd4 Kf6 60.Re8 Ra4+ 61.Ke3 Kf5 62.Rf8+ Ke5 63.f4+ Ke6 64.f5+ gxf5
65.Rh8 f4+ 66.gxf4 Ra3+ 67.Ke2 Ra2+ 68.Kd3 Ra3+ 69.Kd2 Ra2+ 70.Kc3 Ra3+ 71.Kd4 Ra4+
72.Ke3  1/2-1/2

[Event "Las Palmas"]
[Site "Las Palmas"]
[Date "1994.??.??"]
[Round "7"]
[White "Kamsky, Gata"]
[Black "Epishin, Vladimir"]
[Result "1-0"]
[WhiteElo "2695"]
[BlackElo "2675"]

1.e4 c6 2.d4 d5 3.exd5 cxd5 4.c4 Nf6 5.Nc3 e6 6.Nf3 Be7 7.cxd5 Nxd5 8.Bd3 Nc6
9.O-O O-O 10.Re1 Bf6 11.Be4 Nce7 12.Qd3 Ng6 13.Bd2 b6 14.h4 Bb7 15.h5 Ngf4
16.Qb1 Qc7 17.Bxh7+ Kh8 18.Be4 Nxh5 19.Bxd5 exd5 20.Ne5 g6 21.Nb5 Qd8 22.Bb4 Kg7
23.Bxf8+ Qxf8 24.Qc1 Rc8 25.Qd2 Qd8 26.Rac1 a6 27.Rxc8 Bxc8 28.Nc3 Bg5 29.Qd3 Nf4
30.Qf3 Be6 31.Ne2 Nh5 32.Qd3 Qc8 33.Qc3 Qd8 34.Qc6 Bh6 35.Qc3 Qg5 36.g3 Qf5
37.Qd3 Qh3 38.Qf3 f6 39.Nd3 Bf5 40.Nef4 Nxf4 41.Nxf4 Bxf4 42.Qxf4 g5 43.Re7+ Kg6
44.Qb8 Bc8 45.Rc7 Be6 46.Qe8+ Kf5 47.Rc6  1-0

[Event "Las Palmas"]
[Site "Las Palmas"]
[Date "1994.??.??"]
[Round "7"]
[White "Illescas Cordoba, Miguel"]
[Black "Karpov, Anatoly"]
[Result "1/2-1/2"]
[WhiteElo "2590"]
[BlackElo "2740"]

1.e4 c6 2.d4 d5 3.Nc3 dxe4 4.Nxe4 Nd7 5.Nf3 Ngf6 6.Nxf6+ Nxf6 7.c3 Bg4 8.h3 Bxf3
9.Qxf3 Qd5 10.Be2 e6 11.O-O Bd6 12.Rd1 Qxf3 13.Bxf3 Nd5 14.c4 Ne7 15.Bd2 O-O
16.Bc3 Rfd8 17.g3 Bc7 18.Rd2 Rd7 19.Rad1 Rad8 20.h4 Kf8 21.Kf1 Bd6 22.Bg4 g6
23.a4 h5 24.Bh3 Bc7 25.Bg2 a5 26.d5 cxd5 27.Bf6 Rd6 28.cxd5 exd5 29.Bxe7+ Kxe7
30.Rxd5  1/2-1/2

[Event "Las Palmas"]
[Site "Las Palmas"]
[Date "1994.??.??"]
[Round "9"]
[White "Adams, Michael"]
[Black "Karpov, Anatoly"]
[Result "0-1"]
[WhiteElo "2660"]
[BlackElo "2740"]

1.d4 Nf6 2.Bg5 e6 3.e4 h6 4.Bxf6 Qxf6 5.Nc3 d6 6.Qd2 g5 7.O-O-O Bg7 8.e5 dxe5
9.dxe5 Qe7 10.f4 Nc6 11.Nf3 Bd7 12.h4 gxf4 13.Qxf4 O-O-O 14.Ne4 Nb8 15.Be2 Bc6
16.Nf6 Nd7 17.Nh5 Bxf3 18.Bxf3 Bxe5 19.Qe4 c6 20.Rxd7 Bxb2+ 21.Kxb2 Rxd7
22.Qe3 Rhd8 23.a3 Rd4 24.g3 Qc5 25.Re1 Rc4 26.Qxc5 Rxc5 27.Re2 Rd1 28.Nf4 Rb5+
29.Ka2 Rbb1 30.Bh5 Ra1+ 31.Kb3 Rdb1+ 32.Kc4 Rxa3 33.Bxf7 Rxg3 34.Bxe6+ Kc7
35.Nd3 a5 36.Rf2 Re3 37.Rf7+ Kb8 38.Re7 Re4+ 39.Kc3 Rb5  0-1

[Event "Las Palmas"]
[Site "Las Palmas"]
[Date "1994.??.??"]
[Round "9"]
[White "Illescas Cordoba, Miguel"]
[Black "Epishin, Vladimir"]
[Result "1/2-1/2"]
[WhiteElo "2590"]
[BlackElo "2675"]

1.Nf3 Nf6 2.c4 g6 3.Nc3 Bg7 4.e4 O-O 5.d4 c6 6.h3 d5 7.cxd5 cxd5 8.e5 Ne4
9.Bd3 Bf5 10.O-O Nxc3 11.bxc3 Qc8 12.Bxf5 Qxf5 13.Qb3 Qd7 14.Rb1 b6 15.Re1 Nc6
16.Bg5 Rac8 17.Qb5 Rc7 18.Qe2 Nd8 19.Bd2 Ne6 20.Rb4 Rfc8 21.Qa6 Nd8 22.Nh2 Rc4
23.Reb1 Rxb4 24.Rxb4 Nc6 25.Rb1 Na5 26.Re1 Rc4 27.Rb1 h5 28.Nf3 e6 29.Rb4 Rxb4
30.cxb4 Nc4 31.Bg5 Bf8 32.a3 Bg7 33.g4 hxg4 34.hxg4 Kf8 35.Kg2 Ke8 36.Ng1 Bf8
37.Ne2 Be7 38.Bxe7 Kxe7 39.Nc3 f6 40.exf6+ Kxf6 41.Ne4+ Ke7 42.g5 dxe4 43.Qxc4 Kd6
44.Qc3 Qc6 45.Qg3+ Kd5 46.Qe5+ Kc4 47.Kg3 Kd3 48.Qf4 Qd5 49.Qf6 Qd6+ 50.Kg2 Ke2
51.Qxg6 Qf4 52.Qh5+ Ke1 53.Qh1+ Ke2 54.Qh5+ Ke1 55.Qh1+  1/2-1/2